Код Регионов России - Statistics

General Stats
  • This quiz has been taken 6 times
  • The average score is 33 of 85
Answer Stats
Регион Код % Correct
Адыгея 01
83%
Владимирская область 33
83%
Московская область 50/90/150/190/750/790
83%
Москва 77/97/99/177/197/199/777/797/799
83%
Коми 11
67%
Белгородская область 31
67%
Брянская область 32
67%
Ивановская область 37
67%
Мурманская область 51
67%
Ростовская область 61/161/761
67%
Тверская область 69/169
67%
Санкт-Петербург 78/98/178/198
67%
Крым 82
67%
Севастополь 92
67%
Чечня 95
67%
Башкирия 02/102/702
50%
Бурятия 03
50%
Дагестан 05
50%
Кабардино-Балкария 07
50%
Калмыкия 08
50%
Карачаево-Черкессия 09
50%
Карелия 10
50%
Мордовия 13/113
50%
Татарстан 16/116/716
50%
Архангельская область 29
50%
Астраханская область 30
50%
Волгоградская область 34/134
50%
Вологодская область 35
50%
Воронежская область 36/136
50%
Калининградская область 39/91
50%
Калужская область 40
50%
Костромская область 44
50%
Курская область 46
50%
Ленинградская область 47
50%
Нижегородская область 52
50%
Новгородская область 53
50%
Орловская область 57
50%
Псковская область 60
50%
Рязанская область 62
50%
Смоленская область 67
50%
Тамбовская область 68
50%
Тульская область 71
50%
Ярославская область 76
50%
НАО 83
50%
Алтай 04
33%
Марий Эл 12
33%
Красноярский край 24/84/88/124
33%
Икрутская область 38/85/138
33%
Кировская область 43
33%
Пензенская область 58
33%
Самарская область 63/163
33%
Ульяновская область 73/173
33%
Ингушетия 06
17%
Саха 14
17%
Северная Осетия-Алания 15
17%
Тува 17
17%
Удмуртия 18
17%
Хакасия 19
17%
Алтайский край 22/122
17%
Приморский край 25/125/725
17%
Хабаровский край 27
17%
Амурская область 28
17%
Камчатский край 41
17%
Кемеровская область 42/142
17%
Магаданская область 49
17%
Новосибирская область 54/154
17%
Омская область 55/155
17%
Оренбургская область 56/156
17%
Пермский край 59/81/159
17%
Сахалинская область 65
17%
Свердловская область 66/96/166/196
17%
Томская область 70
17%
Тюменская область 72
17%
Челябинская область 74/174/774
17%
Забайкальский Край 75
17%
ЕАО 79
17%
ДНР 80
17%
ЛНР 81
17%
ХМАО 86/186
17%
ЧАО 87
17%
ЯНАО 89
17%
Чувашия 21,121
0%
Ставропольский край 26,126
0%
Курганская область 46
0%
Саратовская область 64,164
0%
No matching quizzes found
Score Distribution
Percent of People with Each Score
Percentile by Number Answered
Your Score History
You have not taken this quiz